Szczegóły MARC21

Supply chain logistics management /

005 -DATA I CZAS OSTATNIEJ MODYFIKACJI [,]
    • @
    • pole kontrolne
    • 20140617092431.0
020 -Międzynarod. znormalizowany nr książki - ISBN [ , ]
    • a
    • Numer ISBN
    • 9780071326216 Find
020 -Międzynarod. znormalizowany nr książki - ISBN [ , ]
    • a
    • Numer ISBN
    • 0071326219 Find
040 -Instytucja sporządzająca opis [ , ]
    • a
    • Instytucja, która sporządziła opis (NP)
    • SZCZ U/JG
    • c
    • Instytucja, która sporządziła rekord (NP)
    • SZCZ U/JG
    • d
    • Instytucja, która zmodyfikowała rekord (P)
    • SZCZ U/RJ
041 -Język dokumentu [0, ]
    • a
    • Język tekstu (P)
    • angielski
044 -Kraj miejsca wydania [ , ]
    • a
    • Kraj miejsca wydania
    • us
942 -Rodzaj dokumentu [ , ]
    • c
    • Rodzaj dokumentu
    • Książka
245 -Strefa tytułu i oznaczenia odpowiedzialności [0,0]
    • a
    • Tytuł
    • Supply chain logistics management / Find
    • c
    • Pozostałe elementy strefy tytułu i oznaczenia odpowiedzialności (NP)
    • Donald J Bowersox [i in.].
250 -Strefa wydania [ , ]
    • a
    • Oznaczenie wydania (NP)
    • 4th ed., international ed.
260 -Strefa adresu wydawniczego [ , ]
    • a
    • Miejsce wydania (P)
    • New York :
    • b
    • Nazwa wydawcy (P)
    • McGraw-Hill,
    • c
    • Data wydania (P)
    • 2013.
300 -Strefa opisu fizycznego [ , ]
    • a
    • Określenie formy książki i/lub objętość (NP)
    • XII, 484 s.
    • b
    • Oznaczenie ilustracji (NP)
    • il. ;
    • c
    • Format (NP)
    • 26 cm.
504 -Uwaga dot. bibliogr. załącznikowej [ , ]
    • a
    • Uwaga dot. bibliografii załącznikowej
    • Ind.
080 -Uniwersalna Klasyfikacja Dziesiętna [ , ]
    • 2
    • Identyfikator wydania tablic
    • UDC-P058
    • 9
    • UKD
    • 2183
    • a
    • Symbol klasyfikacji
    • 005.51
    • b
    • Dopowiedzenie
    • Zarządzanie. Planowanie. Logistyka.
    • 4
    • UKD2
    • 7644
    • x
    • Poddział wspólny
    • =111
    • c
    • Dopowiedzenie poddz. wspólnego
    • =Język angielski.
080 -Uniwersalna Klasyfikacja Dziesiętna [ , ]
    • 2
    • Identyfikator wydania tablic
    • UDC-P058
    • 9
    • UKD
    • 5642
    • a
    • Symbol klasyfikacji
    • 658.7
    • b
    • Dopowiedzenie
    • Zakup. Zaopatrzenie materiałowe. Skup i kontraktacja.
    • 4
    • UKD2
    • 7644
    • x
    • Poddział wspólny
    • =111
    • c
    • Dopowiedzenie poddz. wspólnego
    • =Język angielski.
980 -Symbol UKD [ , ]
    • a
    • UKD
    • 005.51:658.7]=111
700 -Hasło dodatkowe - nazwa osobowa [1, ]
    • 9
    • KHW
    • 71722
    • a
    • Nazwa osobowa (NP)
    • Bowersox, Donald J. Find
710 -Hasło dodatkowe - nazwa ciała zbiorowego [2, ]
    • 4
    • Kod relacji
    • pbl
    • 9
    • KHW
    • 50887
    • a
    • Nazwa ciała zbiorowego lub nazwa geograficzna jako pierwszy element (NP)
    • McGraw-Hill Companies.
920 -ISBN [ , ]
    • a
    • ISBN
    • 978-007-132621-6 Find
920 -ISBN [ , ]
    • a
    • ISBN
    • 007-132621-9 (MHID) Find
Data inwentaryzacji Lokalizacja Sygnatura Numer inwentarzowy Status udost.
2014-03-14TT.15485T.15485-2